[Event "May TNT"]
[Site "Winnipeg CAN"]
[Date "2010.05.11"]
[Round "2"]
[White "Wasserman, Leor"]
[Black "Milord, Frank"]
[Result "1-0"]
[WhiteElo "1736"]
[BlackElo "1637"]
[PlyCount "41"]
[EventDate "2010.05.04"]
[EventType "swiss"]
[EventRounds "4"]
[EventCountry "CAN"]

1. e4 c5 2. Nf3 Nc6 3. d4 cxd4 4. Nxd4 Nf6 5. Nc3 e5 6. Nxc6 bxc6 7. Bc4 Bb7 8.
Bg5 Bb4 9. O-O O-O 10. Bxf6 Qxf6 11. Qxd7 Rab8 12. a3 Rfd8 13. Qxf7+ Qxf7 14.
Bxf7+ Kxf7 15. axb4 Rd2 16. Rfd1 Rxd1+ 17. Rxd1 Ke7 18. Na4 Ba6 19. Nc5 Bc8 20.
c3 Rb5 21. Ra1 1-0

[Event "May TNT"]
[Site "Winnipeg CAN"]
[Date "2010.05.18"]
[Round "3"]
[White "Babb, Jeff"]
[Black "Lipnowski, Samuel"]
[Result "1-0"]
[WhiteElo "2193"]
[BlackElo "2220"]
[PlyCount "81"]
[EventDate "2010.05.04"]
[EventType "swiss"]
[EventRounds "4"]
[EventCountry "CAN"]

1. e4 e5 2. Nc3 Nc6 3. Bc4 Bc5 4. Qg4 g6 5. Qf3 Nf6 6. Nd5 Nxd5 7. Bxd5 O-O 8.
c3 d6 9. d3 Be6 10. Bh6 Re8 11. h4 f6 12. Ne2 Qe7 13. Ng3 Qf7 14. Be3 Bxe3 15.
fxe3 Bxd5 16. exd5 Ne7 17. Ne4 f5 18. Ng5 Qxd5 19. e4 Qb5 20. O-O-O Qd7 21. h5
Nc6 22. hxg6 hxg6 23. exf5 e4 24. Qh3 Kf8 25. Qh8+ Ke7 26. Rh7+ Kd8 27. Rxd7+
Kxd7 28. Qg7+ Re7 29. Qxg6 Ne5 30. Qh6 Nxd3+ 31. Rxd3 exd3 32. Qh3 Re1+ 33. Kd2
Rae8 34. f6+ Kc6 35. Qxd3 Rg1 36. Qc4+ Kd7 37. Qf7+ Kd8 38. Ne6+ Rxe6 39. Qxe6
Rxg2+ 40. Kd3 Rg3+ 41. Kc2 1-0

[Event "May TNT"]
[Site "Winnipeg CAN"]
[Date "2010.05.18"]
[Round "3"]
[White "Crawford, Gary"]
[Black "Milord, Frank"]
[Result "0-1"]
[WhiteElo "1463"]
[BlackElo "1637"]
[PlyCount "110"]
[EventDate "2010.05.04"]
[EventType "swiss"]
[EventRounds "4"]
[EventCountry "CAN"]

1. d4 d5 2. c4 c6 3. e3 Nf6 4. Nc3 Bf5 5. Bd3 Bg4 6. Nf3 e6 7. O-O Bd6 8. cxd5
exd5 9. e4 dxe4 10. Nxe4 Nxe4 11. Bxe4 h6 12. h3 Be6 13. d5 cxd5 14. Bxd5 Bxd5
15. Re1+ Kf8 16. b3 Nc6 17. Bb2 h5 18. Nd4 Qg5 19. Nf3 Qd8 20. Qd3 Rh6 21. Rad1
Bxf3 22. Qxf3 Qa5 23. a3 Rg6 24. b4 Qg5 25. Rd5 Qf4 26. Rxh5 Kg8 27. Qxf4 Bxf4
28. Re4 Bg5 29. Rg4 Bf6 30. Bxf6 Rxg4 31. hxg4 gxf6 32. g5 fxg5 33. Rxg5+ Kf8
34. Rg3 Re8 35. Rc3 a6 36. Kf1 Re5 37. g3 Ke7 38. f4 Re4 39. Kf2 Kf6 40. Kf3
Rd4 41. g4 Kg6 42. Ke3 Rd1 43. Rd3 Rxd3+ 44. Kxd3 b5 45. Ke4 a5 46. Kd5 axb4
47. axb4 Nd8 48. f5+ Kg5 49. Kc5 Kxg4 50. f6 Kf5 51. Kxb5 Kxf6 52. Kb6 Ke7 53.
Kc7 f5 54. b5 f4 55. b6 f3 0-1

[Event "May TNT"]
[Site "Winnipeg CAN"]
[Date "2010.05.18"]
[Round "3"]
[White "Kaptsan, Aron"]
[Black "Czypinski, Jaroslaw"]
[Result "1-0"]
[WhiteElo "2045"]
[BlackElo "1917"]
[PlyCount "103"]
[EventDate "2010.05.04"]
[EventType "swiss"]
[EventRounds "4"]
[EventCountry "CAN"]

1. d4 Nf6 2. Nf3 d5 3. c4 e6 4. Nc3 Bb4 5. a3 Bxc3+ 6. bxc3 O-O 7. e3 c5 8. Bd3
Nc6 9. O-O b6 10. cxd5 exd5 11. h3 Re8 12. c4 Na5 13. cxd5 Qxd5 14. dxc5 Nb3
15. Bb2 Nxa1 16. Bxf6 Bb7 17. Bxa1 Rad8 18. Be2 Qa2 19. Qe1 Qxa3 20. cxb6 axb6
21. Qb1 Ba6 22. Bxa6 Qxa6 23. Rd1 b5 24. Rxd8 Rxd8 25. Bd4 b4 26. Qxb4 Qd6 27.
Qb2 Rb8 28. Qa1 Qg6 29. Kh2 f6 30. Qa7 Qb1 31. Qe7 Qb7 32. Qxb7 Rxb7 33. Kg3
Kf7 34. Nd2 Rb8 35. Kf3 Ra8 36. Ne4 Ra2 37. g4 h6 38. Kg3 Rc2 39. h4 Rc1 40. h5
Rg1+ 41. Kf3 Rb1 42. Nd6+ Ke6 43. Nf5 Kf7 44. Ke4 Rf1 45. f3 Rb1 46. Kf4 Rb4
47. Kg3 Ra4 48. e4 Ra3 49. e5 fxe5 50. Bxe5 g6 51. Nxh6+ Ke6 52. hxg6 1-0

[Event "May TNT"]
[Site "Winnipeg CAN"]
[Date "2010.05.18"]
[Round "3"]
[White "Klokow, John"]
[Black "Campbell, Gary"]
[Result "1-0"]
[WhiteElo "1752"]
[BlackElo "1626"]
[PlyCount "53"]
[EventDate "2010.05.04"]
[EventType "swiss"]
[EventRounds "4"]
[EventCountry "CAN"]

1. e4 c5 2. Ne2 Nc6 3. d4 cxd4 4. Nxd4 Nf6 5. Nc3 e5 6. Ndb5 d6 7. Bg5 a6 8.
Na3 b5 9. Bxf6 gxf6 10. Nd5 f5 11. Bd3 Be6 12. c3 Bg7 13. Nxb5 axb5 14. Bxb5
Bd7 15. exf5 Ra7 16. O-O O-O 17. a4 f6 18. b4 Ne7 19. Bxd7 Qxd7 20. Nxe7+ Qxe7
21. a5 Qd7 22. Qd3 Rb8 23. Rfb1 d5 24. b5 Rab7 25. b6 Qc6 26. h3 Rc8 27. Qb5
1-0

[Event "May TNT"]
[Site "Winnipeg CAN"]
[Date "2010.05.18"]
[Round "3"]
[White "Ott, Richard"]
[Black "Lipic, Stephen"]
[Result "0-1"]
[WhiteElo "1640"]
[BlackElo "1832"]
[PlyCount "62"]
[EventDate "2010.05.04"]
[EventType "swiss"]
[EventRounds "4"]
[EventCountry "CAN"]

1. d4 e6 2. c4 d5 3. Nc3 c6 4. Nf3 f5 5. e4 fxe4 6. Ne5 Nf6 7. Be2 g6 8. O-O
Bg7 9. Bg5 O-O 10. Qd2 Qc7 11. Rad1 Nbd7 12. Bf4 Nxe5 13. dxe5 Nd7 14. Bg3 Bxe5
15. f4 exf3 16. Rxf3 Rxf3 17. Bxe5 Nxe5 18. Bxf3 Nxc4 19. Qg5 Nd6 20. Qe5 Ne8
21. Qg5 Bd7 22. Rf1 Qd8 23. Qh6 Ng7 24. Bd1 Qe7 25. g4 Rf8 26. Re1 Qc5+ 27. Re3
d4 28. Ne4 Qc1 29. Ng5 Qxe3+ 30. Kg2 Rf2+ 31. Kg1 Qe1# 0-1

[Event "May TNT"]
[Site "Winnipeg CAN"]
[Date "2010.05.18"]
[Round "3"]
[White "Rutter, Blair"]
[Black "Wasserman, Leor"]
[Result "1-0"]
[WhiteElo "1866"]
[BlackElo "1736"]
[PlyCount "55"]
[EventDate "2010.05.04"]
[EventType "swiss"]
[EventRounds "4"]
[EventCountry "CAN"]

1. c4 c5 2. g3 g6 3. Bg2 Bg7 4. Nc3 Nc6 5. e4 e5 6. Nge2 Nge7 7. O-O O-O 8. d3
d6 9. Be3 Be6 10. Qd2 Qd7 11. f4 exf4 12. Nxf4 Bd4 13. h3 Bxe3+ 14. Qxe3 Nd4
15. Rf2 Nec6 16. Kh2 Nb4 17. Rc1 Kg7 18. a3 Nbc6 19. Rcf1 Ne5 20. Nce2 Ndc6 21.
Nc3 Ne7 22. Ncd5 Ng8 23. b3 Nh6 24. Nh5+ Kh8 25. Qxh6 f5 26. Nhf4 Nf7 27. Nxg6+
Kg8 28. Nf6# 1-0

[Event "May TNT"]
[Site "Winnipeg CAN"]
[Date "2010.05.18"]
[Round "3"]
[White "Wasserman, Arie"]
[Black "Greenberg, Harley"]
[Result "1/2-1/2"]
[WhiteElo "1698"]
[BlackElo "1774"]
[PlyCount "67"]
[EventDate "2010.05.04"]
[EventType "swiss"]
[EventRounds "4"]
[EventCountry "CAN"]

1. e4 c5 2. Nf3 Nc6 3. c3 d5 4. exd5 Qxd5 5. Na3 Bg4 6. Be2 e5 7. h3 Bh5 8. Nb5
O-O-O 9. c4 Qd7 10. Nh2 Bxe2 11. Qxe2 f5 12. O-O Nf6 13. Rd1 Kb8 14. d3 h6 15.
Nf3 Re8 16. a3 g5 17. Nh2 Nd4 18. Nxd4 exd4 19. Qf3 Bd6 20. Bd2 g4 21. Nxg4
fxg4 22. Qxf6 gxh3 23. Bf4 h2+ 24. Kh1 Bxf4 25. Qxf4+ Kc8 26. Qxh2 h5 27. Re1
Ref8 28. Qe5 Qc6 29. f3 h4 30. Qe6+ Qxe6 31. Rxe6 h3 32. Rae1 hxg2+ 33. Kxg2
Rfg8+ 34. Kf1 1/2-1/2

[Event "May TNT"]
[Site "Winnipeg CAN"]
[Date "2010.05.25"]
[Round "4"]
[White "Babb, Jeff"]
[Black "Kaptsan, Aron"]
[Result "1/2-1/2"]
[WhiteElo "2193"]
[BlackElo "2045"]
[PlyCount "42"]
[EventDate "2010.05.04"]
[EventType "swiss"]
[EventRounds "4"]
[EventCountry "CAN"]

1. f4 c5 2. Nf3 Nc6 3. e3 g6 4. Be2 Bg7 5. O-O d5 6. d3 Nf6 7. Ne5 O-O 8. Nxc6
bxc6 9. c4 Qc7 10. Bf3 e5 11. Nc3 Be6 12. Qe2 Rfe8 13. fxe5 Qxe5 14. Bd2 Rab8
15. Na4 dxc4 16. Bc3 cxd3 17. Qxd3 Qg5 18. Bxc6 Red8 19. Qe2 Nd5 20. Bxg7 Kxg7
21. Nxc5 Qxe3+ 1/2-1/2

[Event "May TNT"]
[Site "Winnipeg CAN"]
[Date "2010.05.26"]
[Round "4"]
[White "Czypinski, Jaroslaw"]
[Black "Rutter, Blair"]
[Result "0-1"]
[WhiteElo "1927"]
[BlackElo "1866"]
[PlyCount "104"]
[EventDate "2010.05.04"]
[EventType "swiss"]
[EventRounds "4"]
[EventCountry "CAN"]

1. e4 e6 2. d4 d5 3. exd5 exd5 4. Bd3 Nf6 5. Nf3 Be7 6. Bf4 O-O 7. Ne5 Nbd7 8.
Nd2 c5 9. c3 Qb6 10. Ndf3 Qxb2 11. O-O c4 12. Qc2 Qxc2 13. Bxc2 Nxe5 14. Nxe5
Nd7 15. Rfe1 Nxe5 16. Bxe5 Be6 17. Rab1 b6 18. Re3 g6 19. Bf4 Bf6 20. Be5 Bg7
21. Ba4 Bxe5 22. dxe5 Rfc8 23. f4 Rc5 24. Bc2 Rd8 25. Rd1 Rb5 26. a4 Rb2 27.
Rc1 d4 28. cxd4 Rxd4 29. f5 gxf5 30. Rd1 Rxd1+ 31. Bxd1 Rb1 32. Re1 Bd5 33. Kf2
Rb2+ 34. Ke3 Rxg2 35. Bf3 Bxf3 36. Kxf3 Rxh2 37. Kf4 Rf2+ 38. Kg5 Kg7 39. Rc1
h6+ 40. Kh4 Rf4+ 41. Kh5 Re4 42. Rc2 Re3 43. Kh4 Rxe5 44. Kh5 Re3 45. Kh4 Kf6
46. a5 b5 47. a6 b4 48. Rd2 Re6 49. Kh5 c3 50. Rc2 Rxa6 51. Kxh6 Rc6 52. Ra2 c2
0-1

[Event "May TNT"]
[Site "Winnipeg CAN"]
[Date "2010.05.25"]
[Round "4"]
[White "Greenberg, Harley"]
[Black "Crawford, Gary"]
[Result "1-0"]
[WhiteElo "1774"]
[BlackElo "1463"]
[PlyCount "59"]
[EventDate "2010.05.04"]
[EventType "swiss"]
[EventRounds "4"]
[EventCountry "CAN"]

1. d4 d5 2. c4 e5 3. dxe5 d4 4. Nf3 Nc6 5. Bg5 Bb4+ 6. Bd2 Bxd2+ 7. Nbxd2 Bg4
8. h3 Bxf3 9. Nxf3 Nge7 10. g3 Qd7 11. Bg2 O-O-O 12. O-O Ng6 13. Qa4 a6 14. b4
Ncxe5 15. b5 d3 16. Rfd1 Qe8 17. Rab1 dxe2 18. Rxd8+ Kxd8 19. Ne1 axb5 20. Rxb5
b6 21. Qc2 Qe6 22. Rd5+ Ke7 23. Qxe2 Nxc4 24. Qxc4 Qxe1+ 25. Kh2 Rc8 26. Rd3
Kf8 27. Qd4 Qa5 28. Qd7 Re8 29. Bc6 Qe5 30. Re3 1-0

[Event "May TNT"]
[Site "Winnipeg CAN"]
[Date "2010.05.25"]
[Round "4"]
[White "Klokow, John"]
[Black "Mousseau, Charles"]
[Result "0-1"]
[WhiteElo "1752"]
[BlackElo "1777"]
[PlyCount "72"]
[EventDate "2010.05.04"]
[EventType "swiss"]
[EventRounds "4"]
[EventCountry "CAN"]

1. e4 d5 2. exd5 Qxd5 3. Nc3 Qa5 4. Nf3 Nf6 5. d4 Bf5 6. Bd2 c6 7. Ne2 Qc7 8.
Bf4 Qb6 9. Ng3 Bg4 10. Be2 Nbd7 11. O-O e6 12. h3 Nd5 13. Bc1 Bxf3 14. Bxf3 Be7
15. c3 O-O 16. Qc2 e5 17. Qf5 Qc7 18. dxe5 g6 19. Qc2 Nxe5 20. Bxd5 cxd5 21.
Bh6 Rfe8 22. Rad1 Rad8 23. Ne2 Rd6 24. Bf4 Bf6 25. Nd4 Rb6 26. Rfe1 Qc4 27.
Bxe5 Rxe5 28. Rxe5 Bxe5 29. Nb3 a5 30. Qd3 Qxd3 31. Rxd3 a4 32. Nc5 Rxb2 33. g3
Rxa2 34. Nxb7 Rb2 35. Rxd5 Bxc3 36. Nc5 a3 0-1

[Event "May TNT"]
[Site "Winnipeg CAN"]
[Date "2010.05.25"]
[Round "4"]
[White "Lipnowski, Samuel"]
[Black "Lipic, Stephen"]
[Result "1-0"]
[WhiteElo "2220"]
[BlackElo "1832"]
[PlyCount "81"]
[EventDate "2010.05.04"]
[EventType "swiss"]
[EventRounds "4"]
[EventCountry "CAN"]

1. d4 d5 2. c4 e6 3. Nf3 c6 4. Qc2 f5 5. Bf4 Nf6 6. e3 Be7 7. Nc3 Ne4 8. Bd3
O-O 9. h3 Nd7 10. O-O-O g5 11. Bh2 h5 12. Ne5 Nxe5 13. Bxe5 Bd6 14. Bxd6 Nxd6
15. cxd5 cxd5 16. g4 Ne4 17. gxh5 Bd7 18. Bxe4 dxe4 19. Rhg1 Kh7 20. d5 Qf6 21.
Qb3 b5 22. Qb4 e5 23. Qa5 Rfc8 24. Kb1 a6 25. d6 f4 26. Nd5 Qf5 27. Ne7 Qxh3
28. Nxc8 Rxc8 29. Rxg5 fxe3 30. fxe3 Qxe3 31. Qd2 Qh3 32. Rxe5 e3 33. Qd3+ Kh8
34. Qxe3 Bf5+ 35. Ka1 Qxh5 36. Re1 Kg7 37. d7 Rd8 38. Re7+ Kf6 39. Qe5+ Kg5 40.
Rg1+ Kh4 41. Qg3# 1-0

[Event "May TNT"]
[Site "Winnipeg CAN"]
[Date "2010.05.25"]
[Round "4"]
[White "Milord, Frank"]
[Black "Wasserman, Arie"]
[Result "1/2-1/2"]
[WhiteElo "1637"]
[BlackElo "1698"]
[PlyCount "128"]
[EventDate "2010.05.04"]
[EventType "swiss"]
[EventRounds "4"]
[EventCountry "CAN"]

1. d4 d5 2. c4 Nf6 3. Nc3 h6 4. e3 Nc6 5. Nf3 Bg4 6. h3 Bh5 7. Bd3 e5 8. cxd5
Nxd5 9. Be2 Bb4 10. Bd2 exd4 11. Nxd4 Bxe2 12. Qxe2 O-O 13. Nxc6 bxc6 14. Rc1
Nxc3 15. Bxc3 Bxc3+ 16. Rxc3 Qd5 17. O-O Qxa2 18. Rxc6 Rab8 19. Ra6 Qxb2 20.
Qxb2 Rxb2 21. Rxa7 Rc2 22. Rd1 Rb8 23. Raa1 Rbb2 24. Rf1 c5 25. Rac1 f6 26.
Rxc2 Rxc2 27. Rd1 Kf7 28. Kf1 Ke6 29. g4 g5 30. Kg2 c4 31. Kf3 c3 32. Rd3 Rc1
33. e4 c2 34. Rd2 Ke5 35. Rd5+ Ke6 36. Rc5 Rh1 37. Rxc2 Rxh3+ 38. Kg2 Rd3 39.
Rc5 Kf7 40. Rc6 Rd4 41. f3 Kg7 42. Rc7+ Kg6 43. Rc6 Kg7 44. Kf2 Rd1 45. Ke2 Rh1
46. Rc7+ Kg6 47. Rc6 Kf7 48. Rc5 Ke6 49. Rd5 h5 50. gxh5 Rxh5 51. Kf2 Rh4 52.
Kg2 Rf4 53. Ra5 g4 54. fxg4 Rxe4 55. Kf3 Rb4 56. Ra6+ Kf7 57. Ra7+ Kg6 58. Ra5
Rb7 59. Kf4 Rb4+ 60. Kg3 Rb3+ 61. Kh4 Re3 62. Ra6 Re5 63. Rb6 Re4 64. Rb5 Re5
1/2-1/2

[Event "May TNT"]
[Site "Winnipeg CAN"]
[Date "2010.05.25"]
[Round "4"]
[White "Wasserman, Leor"]
[Black "Trueman, Francis"]
[Result "1-0"]
[WhiteElo "1736"]
[BlackElo "1523"]
[PlyCount "55"]
[EventDate "2010.05.04"]
[EventType "swiss"]
[EventRounds "4"]
[EventCountry "CAN"]

1. e4 d6 2. d4 Nf6 3. Nc3 g6 4. Bg5 Bg7 5. Qd2 O-O 6. Bc4 c6 7. Nf3 b5 8. Bd3
Nbd7 9. e5 dxe5 10. dxe5 Ng4 11. Be4 Qb6 12. Bxe7 Re8 13. Bd6 Ndxe5 14. Nxe5
Bxe5 15. Bxe5 Nxe5 16. O-O-O Nc4 17. Qd4 Rb8 18. Qf6 Be6 19. h4 Rbd8 20. Rxd8
Rxd8 21. h5 Bg4 22. hxg6 fxg6 23. Bxg6 Rd7 24. Be8 Qd8 25. Qxd8 Rxd8 26. Bxc6
b4 27. Ne4 h6 28. Nf6+ 1-0

[Event "McIntosh op"]
[Site "Morrisburg CAN"]
[Date "2010.04.10"]
[Round "1"]
[White "Hunt, Murray"]
[Black "Pacey, Kevin"]
[Result "0-1"]
[WhiteElo "1597"]
[BlackElo "2377"]
[PlyCount "72"]
[EventDate "2010.04.10"]
[EventType "swiss"]
[EventRounds "5"]
[EventCountry "CAN"]

1. Nf3 d5 2. g3 g6 3. Bg2 Bg7 4. O-O Nf6 5. c4 O-O 6. d4 dxc4 7. Nc3 Nfd7 8.
Bf4 Nb6 9. Qc2 Nc6 10. Rfd1 Bf5 11. Qc1 a6 12. Bh6 Qc8 13. Ne5 Nxe5 14. Bxg7
Kxg7 15. dxe5 Bh3 16. Qg5 Bxg2 17. Kxg2 Qe6 18. Kg1 Rad8 19. Qf4 Rd7 20. Rxd7
Nxd7 21. Rd1 Nxe5 22. Qd4 Kg8 23. Qe4 Nc6 24. Qf3 Rd8 25. Nd5 Rd7 26. Ne3 Rxd1+
27. Nxd1 Nd4 28. Qxb7 Qxe2 29. Nc3 Nf3+ 30. Kg2 Ne1+ 31. Kg1 Qf3 32. Qxf3 Nxf3+
33. Kg2 Ne1+ 34. Kf1 Nd3 35. b3 cxb3 36. axb3 Kf8 0-1

[Event "McIntosh op"]
[Site "Morrisburg CAN"]
[Date "2010.04.10"]
[Round "2"]
[White "Pacey, Kevin"]
[Black "Thibault, Mario"]
[Result "1-0"]
[WhiteElo "2377"]
[BlackElo "1836"]
[PlyCount "81"]
[EventDate "2010.04.10"]
[EventType "swiss"]
[EventRounds "5"]
[EventCountry "CAN"]

1. d4 g6 2. e4 Bg7 3. Nf3 c5 4. Be2 cxd4 5. Nxd4 Nc6 6. Nb3 Nf6 7. Nc3 d6 8.
O-O O-O 9. Bg5 a5 10. a4 Be6 11. Re1 Nb4 12. Nd4 Bd7 13. Qd2 Rc8 14. Ndb5 Bxb5
15. Bxb5 Ng4 16. Qe2 Ne5 17. Rac1 h6 18. Bh4 Nec6 19. Qd2 g5 20. Bg3 Ne5 21. h4
gxh4 22. Bxh4 Ng6 23. Bg3 Nc6 24. Rb1 Nce5 25. Qe2 Qb6 26. Nd5 Qc5 27. c3 e6
28. Nf4 Nxf4 29. Bxf4 Ng6 30. Be3 Qc7 31. Qh5 Kh7 32. Rbd1 f5 33. Bd3 f4 34. e5
Qf7 35. Bxf4 d5 36. Bg3 Rg8 37. Re3 Bf8 38. Rf3 Qg7 39. Rf6 Kh8 40. Rxg6 Qf7
41. Rxh6+ 1-0

[Event "McIntosh op"]
[Site "Morrisburg CAN"]
[Date "2010.04.10"]
[Round "3"]
[White "Smilovici, Emil"]
[Black "Pacey, Kevin"]
[Result "0-1"]
[WhiteElo "1963"]
[BlackElo "2377"]
[PlyCount "48"]
[EventDate "2010.04.10"]
[EventType "swiss"]
[EventRounds "5"]
[EventCountry "CAN"]

1. e4 d6 2. d4 Nf6 3. Nc3 g6 4. f4 Bg7 5. Nf3 O-O 6. Be3 b6 7. Bd3 Bb7 8. h3 c5
9. dxc5 bxc5 10. O-O c4 11. Bxc4 Nxe4 12. Nxe4 Bxe4 13. Rb1 Nd7 14. Ng5 Bc6 15.
f5 Nf6 16. fxg6 hxg6 17. Bxf7+ Rxf7 18. Nxf7 Kxf7 19. Qg4 Qc8 20. Qc4+ d5 21.
Qc5 Bb7 22. Qa5 d4 23. Bxd4 Qxc2 24. Rbc1 Qxg2# 0-1

[Event "McIntosh op"]
[Site "Morrisburg CAN"]
[Date "2010.04.11"]
[Round "4"]
[White "Pacey, Kevin"]
[Black "Pace, Christopher"]
[Result "1/2-1/2"]
[WhiteElo "2377"]
[BlackElo "2095"]
[PlyCount "90"]
[EventDate "2010.04.10"]
[EventType "swiss"]
[EventRounds "5"]
[EventCountry "CAN"]

1. c4 g6 2. d4 Bg7 3. Nc3 d6 4. e4 c5 5. d5 Nf6 6. Be2 O-O 7. Bg5 Qa5 8. Bd2
Nbd7 9. Nf3 Qc7 10. O-O a6 11. a4 b6 12. h3 Re8 13. Bf4 Bb7 14. Qd2 Rad8 15.
Rae1 Ne5 16. Nxe5 dxe5 17. Bg5 Nd7 18. d6 exd6 19. Bxd8 Rxd8 20. Nd5 Bxd5 21.
cxd5 a5 22. Bb5 Nf6 23. g3 Qc8 24. Kg2 Nh5 25. Be2 Nf6 26. Qc2 Re8 27. Bb5 Re7
28. Qb3 Qd8 29. Qc4 Bh6 30. Rd1 Rb7 31. Rd3 Nh5 32. Kh2 Qf6 33. Bc6 Rb8 34. Bd7
Qe7 35. Bg4 Ng7 36. Re1 f5 37. Bf3 Qf6 38. Re2 Bg5 39. Bg2 h5 40. exf5 gxf5 41.
f4 exf4 42. gxf4 Bh6 43. Bh1 Qh4 44. Rf3 Kh7 45. Bg2 Kg8 1/2-1/2

[Event "McIntosh op"]
[Site "Morrisburg CAN"]
[Date "2010.04.11"]
[Round "5"]
[White "Marinkovic, Mate"]
[Black "Pacey, Kevin"]
[Result "1/2-1/2"]
[WhiteElo "2194"]
[BlackElo "2377"]
[PlyCount "81"]
[EventDate "2010.04.10"]
[EventType "swiss"]
[EventRounds "5"]
[EventCountry "CAN"]

1. c4 g6 2. g3 Nf6 3. Bg2 Bg7 4. Nc3 O-O 5. e3 e5 6. Nge2 d6 7. O-O Nc6 8. b3
Nh5 9. Bb2 f5 10. Nd5 Ne7 11. d4 e4 12. Nef4 Nxf4 13. Nxf4 Kh8 14. Qc2 Ng8 15.
Rfd1 Nf6 16. Rac1 g5 17. Ne2 a5 18. a3 Bd7 19. d5 b6 20. Nd4 Qe7 21. Re1 Ng4
22. b4 Ne5 23. Bf1 Qf7 24. Be2 Rfc8 25. Ra1 Bf6 26. Red1 Qg6 27. Bf1 f4 28.
exf4 gxf4 29. Re1 Bf5 30. Kh1 Nd3 31. Bxd3 exd3 32. Qd2 fxg3 33. hxg3 Re8 34.
bxa5 bxa5 35. Nxf5 Qxf5 36. Bxf6+ Qxf6 37. Qxd3 Qxf2 38. Qc3+ Kg8 39. Rf1 Qe2
40. Rae1 Qh5+ 41. Kg2 1/2-1/2

[Event "Medicine Hat op"]
[Site "Medicine Hat CAN"]
[Date "2010.09.18"]
[Round "1.1"]
[White "Yearwood, Roy"]
[Black "Zuna, Jakov"]
[Result "1-0"]
[WhiteElo "2072"]
[BlackElo "1650"]
[PlyCount "69"]
[EventDate "2010.09.18"]
[EventType "swiss"]
[EventRounds "5"]
[EventCountry "CAN"]

1. c4 Nf6 2. g3 e5 3. Bg2 Nc6 4. Nc3 Bc5 5. e3 O-O 6. Nge2 Ne7 7. a3 a5 8. d4
exd4 9. exd4 Ba7 10. h3 d5 11. Bg5 dxc4 12. Bxf6 gxf6 13. O-O c6 14. Qd2 Nf5
15. Rad1 Be6 16. Ne4 Bd5 17. Qf4 Bxe4 18. Bxe4 Ng7 19. d5 cxd5 20. Bxd5 Qb6 21.
Nc3 Qxb2 22. Ne4 f5 23. Rd2 Qb6 24. Nd6 c3 25. Nc4 Qf6 26. Rd3 Ne6 27. Qc1 Bd4
28. Qc2 Rfd8 29. Bxb7 Ra7 30. Bg2 Rb8 31. Rf3 f4 32. gxf4 Nxf4 33. Qe4 Qa6 34.
Qxf4 Bg7 35. Qxb8+ 1-0

[Event "Medicine Hat op"]
[Site "Medicine Hat CAN"]
[Date "2010.09.18"]
[Round "1.2"]
[White "Robertson, Trevor"]
[Black "Taylor, William"]
[Result "0-1"]
[WhiteElo "1630"]
[BlackElo "1907"]
[PlyCount "102"]
[EventDate "2010.09.18"]
[EventType "swiss"]
[EventRounds "5"]
[EventCountry "CAN"]

1. d4 Nf6 2. c4 e6 3. Nf3 c5 4. Nc3 cxd4 5. Nxd4 Nc6 6. e3 Be7 7. Bd3 d5 8.
cxd5 Nxd5 9. Nxc6 bxc6 10. O-O O-O 11. Ne4 f5 12. Ng3 Nb4 13. Bc4 Qxd1 14. Rxd1
g6 15. a3 Nd5 16. Ne2 a5 17. b3 Bf6 18. Rb1 Nb6 19. Bb2 Nxc4 20. bxc4 Bxb2 21.
Rxb2 Ba6 22. c5 Bxe2 23. Rxe2 Rfd8 24. Rxd8+ Rxd8 25. Kf1 Rd3 26. a4 Rc3 27.
Rd2 Rxc5 28. Rd6 e5 29. Rd8+ Kg7 30. Ra8 h6 31. h4 e4 32. g3 g5 33. hxg5 hxg5
34. Ke2 g4 35. Kd2 Kf6 36. Rf8+ Ke6 37. Rg8 Kd5 38. Rd8+ Kc4 39. Rd4+ Kb3 40.
Ke2 Rd5 41. Rxd5 cxd5 42. Kd2 Kxa4 43. Kc3 Kb5 44. Kd4 a4 45. Kxd5 a3 46. Ke5
a2 47. Kxf5 a1=Q 48. Kxe4 Qf6 49. f4 gxf3 50. g4 f2 51. g5 Qxg5 0-1

[Event "Medicine Hat op"]
[Site "Medicine Hat CAN"]
[Date "2010.09.18"]
[Round "1.3"]
[White "Schibler, Jordan"]
[Black "Viminitz, Paul"]
[Result "1-0"]
[WhiteElo "1810"]
[BlackElo "1615"]
[PlyCount "73"]
[EventDate "2010.09.18"]
[EventType "swiss"]
[EventRounds "5"]
[EventCountry "CAN"]

1. d4 Nf6 2. c4 g6 3. Nc3 Bg7 4. e4 d6 5. Nf3 O-O 6. Be2 c5 7. d5 Bg4 8. O-O
Nbd7 9. Bf4 Nh5 10. Bd2 Nb6 11. b3 Nf6 12. Rc1 a5 13. a4 Nfd7 14. Nb5 Nf6 15.
Bd3 Ne8 16. Bc3 f6 17. h3 Bd7 18. Ra1 Bxb5 19. axb5 Nd7 20. Qd2 b6 21. Nh2 Ne5
22. f4 Nxd3 23. Qxd3 Ra7 24. f5 g5 25. g4 Qd7 26. Nf3 Nc7 27. b4 cxb4 28. Bxb4
Rfa8 29. Bc3 Qe8 30. Bd4 Rb7 31. Bf2 h5 32. Nd4 hxg4 33. hxg4 Bh6 34. Kg2 Qf7
35. Rh1 Kg7 36. Rh5 Rh8 37. Rah1 1-0

[Event "Medicine Hat op"]
[Site "Medicine Hat CAN"]
[Date "2010.09.18"]
[Round "1.4"]
[White "Scholz, Mike"]
[Black "Quiring, John"]
[Result "0-1"]
[WhiteElo "1438"]
[BlackElo "1796"]
[PlyCount "62"]
[EventDate "2010.09.18"]
[EventType "swiss"]
[EventRounds "5"]
[EventCountry "CAN"]

1. g3 Nf6 2. Bg2 d6 3. d3 c6 4. Nf3 Bg4 5. O-O Qc8 6. Nc3 g6 7. e4 Bg7 8. Qe1
e5 9. Bg5 h6 10. Be3 O-O 11. Qd2 Kh7 12. Ne1 Na6 13. f3 Bh3 14. Ne2 Nc7 15. f4
Bxg2 16. Nxg2 Ng4 17. f5 Nxe3 18. fxg6+ fxg6 19. Qxe3 Ne6 20. Rxf8 Qxf8 21. Rf1
Qe7 22. Nh4 b6 23. Rf3 Bf6 24. Ng2 Ng5 25. Rf1 Rf8 26. Kh1 d5 27. Ng1 dxe4 28.
dxe4 Qb4 29. Qa3 Qxa3 30. bxa3 Nxe4 31. Rd1 Nf2# 0-1

[Event "Medicine Hat op"]
[Site "Medicine Hat CAN"]
[Date "2010.09.18"]
[Round "1.5"]
[White "Adolph, Joel"]
[Black "Longson, Stan"]
[Result "1-0"]
[WhiteElo "1708"]
[BlackElo "1410"]
[PlyCount "43"]
[EventDate "2010.09.18"]
[EventType "swiss"]
[EventRounds "5"]
[EventCountry "CAN"]

1. d4 d5 2. Bf4 Nf6 3. Nd2 c6 4. h3 Nbd7 5. Ngf3 e6 6. e3 Be7 7. Bd3 Nh5 8. c3
Nxf4 9. exf4 O-O 10. Ne5 Nf6 11. g4 h6 12. g5 hxg5 13. fxg5 Nd7 14. Nxd7 Bxd7
15. Qh5 g6 16. Bxg6 fxg6 17. Qxg6+ Kh8 18. Qh6+ Kg8 19. g6 Rf6 20. Qh7+ Kf8 21.
g7+ Kf7 22. g8=Q# 1-0

[Event "Medicine Hat op"]
[Site "Medicine Hat CAN"]
[Date "2010.09.18"]
[Round "1.6"]
[White "Berndtsson, Kurt"]
[Black "Panteluk, Steven"]
[Result "0-1"]
[WhiteElo "1322"]
[BlackElo "1680"]
[PlyCount "64"]
[EventDate "2010.09.18"]
[EventType "swiss"]
[EventRounds "5"]
[EventCountry "CAN"]

1. e4 c5 2. Nc3 Nc6 3. f4 e5 4. Nf3 d6 5. f5 Nf6 6. Bc4 Be7 7. O-O O-O 8. d3 a6
9. a3 b5 10. Ba2 Bb7 11. Qe1 b4 12. Nd5 Nxd5 13. Bxd5 Qb6 14. Kh1 Nd4 15. Qg3
Bxd5 16. Nxd4 Bxe4 17. dxe4 cxd4 18. f6 Bxf6 19. Rxf6 Kh8 20. Rf3 Qc6 21. Qh4
d5 22. Qf2 dxe4 23. Rxf7 Rxf7 24. Qxf7 Qxc2 25. Qf1 e3 26. axb4 e2 27. Qe1 Rf8
28. Kg1 Rf1+ 29. Qxf1 exf1=Q+ 30. Kxf1 Qd1+ 31. Kf2 d3 32. Ke3 Qe2# 0-1

[Event "Medicine Hat op"]
[Site "Medicine Hat CAN"]
[Date "2010.09.18"]
[Round "2.1"]
[White "Quiring, John"]
[Black "Yearwood, Roy"]
[Result "0-1"]
[WhiteElo "1796"]
[BlackElo "2072"]
[PlyCount "68"]
[EventDate "2010.09.18"]
[EventType "swiss"]
[EventRounds "5"]
[EventCountry "CAN"]

1. Nf3 Nf6 2. g3 d6 3. c4 e5 4. Bg2 Bd7 5. Nc3 Qc8 6. e3 Be7 7. d4 Nc6 8. O-O
O-O 9. d5 Nb8 10. b4 a5 11. b5 b6 12. Bb2 Bg4 13. Qc1 Nbd7 14. Nd2 Nc5 15. f4
exf4 16. exf4 Qf5 17. Nf3 Nd3 18. Nh4 Nxc1 19. Nxf5 Bxf5 20. Raxc1 Bd3 21. Rfe1
Rfe8 22. Ne4 Nxe4 23. Bxe4 Bxe4 24. Rxe4 Bf6 25. Rxe8+ Rxe8 26. Bxf6 gxf6 27.
Kf2 Re4 28. Kf3 f5 29. g4 Kg7 30. gxf5 Re8 31. Rc3 Re1 32. Re3 Rc1 33. Re4 Rc3+
34. Kg4 Kf6 0-1